| 000 | 00425nam a22001697a 4500 | ||
|---|---|---|---|
| 999 |
_c3037 _d3036 |
||
| 005 | 20210726164147.0 | ||
| 008 | 160618b xxu||||| |||| 00| 0 eng d | ||
| 020 | _a81-203-3307-9 | ||
| 041 | _aeng | ||
| 082 | _a658.4092 | ||
| 100 |
_aCLARKE-EPSTEIN, CHRIS _96524 |
||
| 245 | _a78 Important Questions Every leader should ask and answer | ||
| 260 |
_bPHI _c2007 |
||
| 300 | _a196 | ||
| 650 |
_aManagement _9241 |
||
| 942 | _cBK | ||